[Event "Madrid San Viator op-B 30th"]
[Site "Madrid"]
[Date "2018.06.03"]
[Round "8"]
[White "Aguilar Guzman, Reynaldo"]
[Black "Calvo Gonzalez, Jose Felix"]
[Result "0-1"]
[WhiteElo "1465"]
[BlackElo "1341"]
[PlyCount "68"]
[EventDate "2018.04.08"]
[EventType "swiss"]
[EventRounds "9"]
[EventCountry "ESP"]
[SourceTitle "EXT 2019"]
[Source "ChessBase"]
[SourceDate "2018.10.10"]
[SourceVersion "1"]
[SourceVersionDate "2018.10.10"]
[SourceQuality "1"]

1. e4 c5 2. Nf3 Nc6 3. d3 g6 4. g3 Bg7 5. Bg2 d6 6. 0-0 e5 7. Nc3 Nge7 8. Bg5 f6 9. Be3 Be6 10. a3 Nd4 11. Ne2 Ndc6 12. Qd2 a5 13. Nh4 f5 14. f4 0-0 15. fxe5 Nxe5 16. h3 fxe4 17. dxe4 Nc4 18. Qc1 Bxb2 19. Rxf8+ Qxf8 20. Bh6 Bxc1 21. Bxf8 Be3+ 22. Kh2 Kxf8 23. a4 Rb8 24. Nf3 Nc6 25. c3 N6e5 26. Ne1 b5 27. Rb1 Na3 28. Rd1 Nac4 29. Rb1 b4 30. cxb4 Rxb4 31. Rxb4 axb4 32. Nc2 Bd2 33. Nf4 Bxf4 34. gxf4 b3 0-1

[Event "Madrid San Viator op-B 30th"]
[Site "Madrid"]
[Date "2018.05.20"]
[Round "6"]
[White "Aguilar Guzman, Reynaldo"]
[Black "Sanchez Lopez, Mario"]
[Result "1-0"]
[WhiteElo "1465"]
[BlackElo "1291"]
[PlyCount "59"]
[EventDate "2018.04.08"]
[EventType "swiss"]
[EventRounds "9"]
[EventCountry "ESP"]
[SourceTitle "EXT 2019"]
[Source "ChessBase"]
[SourceDate "2018.10.10"]
[SourceVersion "1"]
[SourceVersionDate "2018.10.10"]
[SourceQuality "1"]

1. e4 c5 2. Nf3 d6 3. d3 Nc6 4. Nbd2 Nf6 5. g3 e6 6. Bg2 Be7 7. 0-0 0-0 8. Re1 e5 9. Nc4 b5 10. Ne3 Ng4 11. Nd5 Nh6 12. Bxh6 gxh6 13. Nxe7+ Qxe7 14. Nh4 Qg5 15. Nf5 Bxf5 16. exf5 Qxf5 17. Bxc6 Rab8 18. Re4 Kh8 19. Qd2 Qe6 20. Rh4 f5 21. Rxh6 Rf6 22. Rxf6 Qxf6 23. Qa5 f4 24. Qxa7 Rg8 25. Bd5 Rf8 26. Rf1 Qg5 27. Be4 Qh6 28. Qb7 b4 29. Kg2 Rg8 30. a4 1-0

[Event "Madrid San Viator op-B 28th"]
[Site "Madrid"]
[Date "2017.05.07"]
[Round "5"]
[White "Aguilar Guzman, Reynaldo"]
[Black "Franco Rincon, David"]
[Result "1-0"]
[WhiteElo "1558"]
[BlackElo "1748"]
[PlyCount "111"]
[EventDate "2017.03.26"]
[EventType "swiss"]
[EventRounds "9"]
[EventCountry "ESP"]
[SourceTitle "EXT 2019"]
[Source "ChessBase"]
[SourceDate "2018.10.10"]
[SourceVersion "1"]
[SourceVersionDate "2018.10.10"]
[SourceQuality "1"]

1. e4 e5 2. Nf3 Nc6 3. Nc3 d6 4. g3 Nf6 5. d3 Be7 6. Bg5 Be6 7. Bg2 0-0 8. Qd2 a6 9. a3 b5 10. Be3 h6 11. h3 Qd7 12. d4 exd4 13. Nxd4 Ne5 14. Nxe6 fxe6 15. b3 Rad8 16. Rd1 c6 17. 0-0 d5 18. f4 Nf7 19. e5 Ne8 20. a4 Bb4 21. Qd3 Qe7 22. axb5 axb5 23. Ne2 Bc5 24. Bf2 Qa7 25. Qg6 Bxf2+ 26. Rxf2 Qe7 27. g4 Nc7 28. Nd4 c5 29. Nc6 Qh4 30. Nxd8 Rxd8 31. Ra1 Rf8 32. Ra7 Qd8 33. Rf1 c4 34. Rfa1 Nh8 35. Qh5 Rxf4 36. Rf1 Rxf1+ 37. Bxf1 Qb8 38. Ra2 Qb6+ 39. Kg2 Qe3 40. Qh4 Qxe5 41. Qf2 Ng6 42. bxc4 bxc4 43. Qg3 Qe4+ 44. Kh2 Ne5 45. Bg2 Qd4 46. c3 Qb6 47. Qxe5 Na6 48. Re2 Nc5 49. h4 Kh8 50. h5 Nd3 51. Qxe6 Qc7+ 52. Kg1 Qa7+ 53. Qe3 Qa1+ 54. Bf1 Qxc3 55. Qe8+ Kh7 56. Qg6+ 1-0